000 00452nam a22001817a 4500
003 MPLRDC
005 20220104152142.0
008 210129b ||||| |||| 00| 0 eng d
020 _a967-978-858-X
082 _a783.868 LWT c.2
100 _a林梧桐
245 _a我的自传
_c
250 _a初版
260 _a
_bPELANDUK PUBLICATIONS
_c2004
300 _b
650 _a马来西亚人物传记--林梧桐
942 _cBK
_o783.868 LWT c.2
999 _c52737
_d52727